|
|
|
|
| LEADER |
00000ny a22000003n 4500 |
| 005 |
2011053101141.0 |
| 008 |
030108s2002 sp s 000 0 spa c |
| 017 |
|
|
|a D.L. SE.1668-2002
|
| 020 |
|
|
|a 8481558842
|
| 035 |
|
|
|a 162
|
| 040 |
|
|
|a UMA.CEE
|d vLex
|
| 040 |
|
|
|a UMA.RE
|d vLex
|
| 080 |
|
|
|a 35.08(460)
|
| 090 |
|
|
|c 387
|d 387
|
| 100 |
1 |
|
|a Palomar Olmeda, Alberto
|
| 245 |
1 |
3 |
|a El sistema de carrera y su aplicacin̤ a los cuerpos superiores de la administracin̤
|h [Recurso electrn̤ico]
|c Alberto Palomar Olmeda
|
| 256 |
|
|
|a Servicio en ln̕ea
|
| 260 |
|
|
|a Madrid :
|b Dykinson,
|c 2002
|
| 300 |
|
|
|a 140 p. ;
|c 21 cm
|
| 504 |
|
|
|a Bibliogr.: p. 137-140
|
| 506 |
1 |
|
|a Contenido solo disponible en los productos indicados
|d vLex Global
|d vLex Global (Academic Edition, excluding Law Schools)
|d vLex Global (U.S. Academic Edition, Law Schools)
|d vLex Global (U.S. Academic Edition, excluding Law Schools)
|d vLex Global (Academic Edition, Law Schools)
|
| 650 |
0 |
7 |
|a Administrativo
|2 Tesauro vLex
|
| 650 |
0 |
7 |
|a Carrera administrativa
|2 Tesauro vLex
|
| 650 |
0 |
7 |
|a Cuerpos superiores
|2 Tesauro vLex
|
| 740 |
0 |
|
|a vLex Libros (Servicios en ln̕ea)
|
| 856 |
4 |
0 |
|u http://vlex.com/source/162
|z Acceso restringido
|
| 942 |
|
|
|c BOOK
|
| 999 |
0 |
|
|a Management
|b Madrid
|